000 00964nam a2200205Ia 4500
001 22656
003 GE_BSU
008 181216s||||||||xx |||||||||||||| ||und||
040 _cGE_BSU
245 _aბუღალტრული აღრიცხვა : №1 (256). მაისი 2018
245 _bსაქართველოს პროფესიონალ ბუღალტერთა და აუდიტორთა ფედერაცია.
245 _cმთავარი რედაქტორი ლავრენტი ჭუმბურიძე.გამოც.რედ:მანანა გველესიანი.
260 _aთბილისი
260 _c2018
300 _a64 გვ. 24 სმ.
653 _aბუღალტერია
653 _aბუღალტრული აღრიცხვა : №1 (256). მაისი 2018
653 _aპერიოდიკა
942 _cCR
999 _c55574
_d55574